000 00348nam a2200133Ia 4500
008 240624s9999 xx 000 0 und d
041 _aeng
082 _a658.007 CHA
100 _aCHATURVEDI D D
245 _aRESEARCH IN COMMERCE AND MANAGEMENT
260 _c1998
_aNew Delhi
_bAnmol Publication
300 _ax, : 434 : p. : cm. ; 23
365 _cRS
999 _c4041
_d4041